[Event "HUN-chT2 Charousek 0607"]
[Site "Hungary"]
[Date "2006.12.03"]
[Round "3"]
[White "Zakar, Dora"]
[Black "Bubits, Bence"]
[Result "0-1"]
[WhiteElo "2015"]
[BlackElo "1800"]
[PlyCount "56"]
[EventDate "2006.11.12"]
[EventType "team"]
[EventRounds "11"]
[EventCountry "HUN"]
[SourceTitle "EXT 2008"]
[Source "ChessBase"]
[SourceDate "2007.11.25"]
[SourceVersion "1"]
[SourceVersionDate "2007.11.25"]
[SourceQuality "1"]
[WhiteTeam "Gyor Elektromos"]
[BlackTeam "Csuti II"]
[WhiteTeamCountry "HUN"]
[BlackTeamCountry "HUN"]

1. e4 c5 2. Nf3 Nc6 3. d4 cxd4 4. Nxd4 e5 5. Nb5 Nf6 6. N1c3 d6 7. Bg5 a6 8. Na3 d5 9. Bxf6 gxf6 10. Nxd5 Bxa3 11. bxa3 Be6 12. Bc4 Qa5+ 13. Kf1 0-0-0 14. Rb1 Qc5 15. Qe2 Nd4 16. Qd3 b5 17. Bb3 f5 18. c4 fxe4 19. Qxe4 Bf5 20. Qxe5 Bd3+ 21. Ke1 Rhe8 22. Qxe8 Rxe8+ 23. Kd2 Bxb1 24. Rxb1 bxc4 25. Bxc4 Nb5 26. Bxb5 Qxd5+ 27. Bd3 Rd8 28. Rb3 Qxg2 0-1

[Event "HUN-chT2 Charousek 0607"]
[Site "Hungary"]
[Date "2006.11.12"]
[Round "1"]
[White "Hitter, Gabriela"]
[Black "Zakar, Dora"]
[Result "1/2-1/2"]
[WhiteElo "1892"]
[BlackElo "2015"]
[PlyCount "115"]
[EventDate "2006.11.12"]
[EventType "team"]
[EventRounds "11"]
[EventCountry "HUN"]
[SourceTitle "EXT 2008"]
[Source "ChessBase"]
[SourceDate "2007.11.25"]
[SourceVersion "1"]
[SourceVersionDate "2007.11.25"]
[SourceQuality "1"]
[WhiteTeam "Lovo"]
[BlackTeam "Gyor Elektromos"]
[WhiteTeamCountry "HUN"]
[BlackTeamCountry "HUN"]

1. e4 g6 2. d4 Bg7 3. Nf3 a6 4. h3 b5 5. c3 d6 6. Be3 Bb7 7. Nbd2 Nd7 8. Qc2 Ngf6 9. Be2 0-0 10. 0-0 c5 11. Rfe1 Rc8 12. Bf1 b4 13. Qb3 a5 14. cxb4 cxb4 15. Bd3 e5 16. a3 exd4 17. Bxd4 Nc5 18. Bxc5 dxc5 19. Bc4 Nd7 20. Rad1 Qe7 21. Kh1 Nb6 22. Rc1 a4 23. Qc2 b3 24. Qb1 Rfd8 25. e5 Bd5 26. Bxd5 Nxd5 27. Qe4 Nb6 28. Nc4 Nd7 29. Na5 Qe6 30. Nb7 Rf8 31. Qxa4 c4 32. Nd6 Nb6 33. Qb4 Nd5 34. Qd2 Nb6 35. Nxc8 Rxc8 36. Red1 Na4 37. Rb1 c3 38. bxc3 Nxc3 39. Rdc1 Nxb1 40. Rxb1 Bf8 41. Qb2 Rb8 42. Nd2 Bc5 43. Nxb3 Bxf2 44. Qxf2 Rxb3 45. Rxb3 Qxb3 46. Qc5 Qb1+ 47. Kh2 Qf5 48. Qd4 Qc8 49. a4 Qa8 50. Kg1 Qa5 51. Kf2 Qa8 52. Kg3 h6 53. Qb4 Qd5 54. a5 Qxe5+ 55. Kf2 Qf5+ 56. Kg1 Qe6 57. Qb5 Qe3+ 58. Kh1 1/2-1/2

[Event "HUN-chT2 Charousek 0506"]
[Site "Hungary"]
[Date "2006.04.09"]
[Round "10"]
[White "Lorand, Norbert"]
[Black "Zakar, Dora"]
[Result "1-0"]
[WhiteElo "1954"]
[BlackElo "2093"]
[PlyCount "83"]
[EventDate "2005.10.16"]
[EventType "team"]
[EventRounds "11"]
[EventCountry "HUN"]
[SourceTitle "EXT 2009"]
[Source "ChessBase"]
[SourceDate "2008.11.26"]
[SourceVersion "1"]
[SourceVersionDate "2008.11.26"]
[SourceQuality "1"]
[WhiteTeam "Husi"]
[BlackTeam "Gyor Elektromos"]
[WhiteTeamCountry "HUN"]
[BlackTeamCountry "HUN"]

1. e4 g6 2. d4 Bg7 3. Nc3 d6 4. Nf3 a6 5. Be3 b5 6. Qd2 Bb7 7. Bd3 Nd7 8. a4 b4 9. Ne2 a5 10. 0-0 Ngf6 11. Ng3 Ng4 12. c3 Nxe3 13. Qxe3 bxc3 14. bxc3 0-0 15. Rfb1 Rb8 16. Nd2 c5 17. f4 Qc7 18. e5 Nb6 19. Be4 Bc8 20. dxc5 dxc5 21. Rb5 Nd7 22. Rxb8 Qxb8 23. Rb1 Qc7 24. Qd3 Rd8 25. Qc2 Bh6 26. e6 Nf6 27. exf7+ Kxf7 28. Rf1 Bxf4 29. Nf3 Ba6 30. Ne2 Be3+ 31. Kh1 Kg7 32. c4 Bb7 33. Bxb7 Qxb7 34. Qc3 Qe4 35. Qxa5 Ra8 36. Qe1 Rxa4 37. Nc3 Qd3 38. Nxa4 Ng4 39. Qc3+ Qxc3 40. Nxc3 Nf2+ 41. Rxf2 Bxf2 42. Ne4 1-0

[Event "HUN-chT2 Charousek 0506"]
[Site "Hungary"]
[Date "2005.11.27"]
[Round "4"]
[White "Hitter, Gabriela"]
[Black "Zakar, Dora"]
[Result "1/2-1/2"]
[WhiteElo "1799"]
[BlackElo "2093"]
[PlyCount "65"]
[EventDate "2005.10.16"]
[EventType "team"]
[EventRounds "11"]
[EventCountry "HUN"]
[SourceTitle "EXT 2009"]
[Source "ChessBase"]
[SourceDate "2008.11.26"]
[SourceVersion "1"]
[SourceVersionDate "2008.11.26"]
[SourceQuality "1"]
[WhiteTeam "Szentgotthard"]
[BlackTeam "Gyor Elektromos"]
[WhiteTeamCountry "HUN"]
[BlackTeamCountry "HUN"]

1. e4 g6 2. Nf3 Bg7 3. d4 d6 4. Nc3 a6 5. Be3 b5 6. a3 Nd7 7. g3 Bb7 8. Bg2 Nb6 9. Nd2 Nf6 10. 0-0 0-0 11. f4 Nfd7 12. f5 e5 13. d5 c6 14. dxc6 Bxc6 15. Qg4 Nf6 16. Qh4 d5 17. exd5 Nbxd5 18. Nxd5 Bxd5 19. Rad1 Bxg2 20. Kxg2 Qc7 21. fxg6 fxg6 22. c3 Nd5 23. Qe4 Rad8 24. Rxf8+ Bxf8 25. Bg5 Rd7 26. Re1 Qc6 27. Nf3 Bg7 28. Kh1 h6 29. Bc1 Rf7 30. Rd1 Rd7 31. Re1 Re7 32. Nh4 Kh7 33. Nf3 1/2-1/2

[Event "HUN-chT2 Charousek 0405"]
[Site "Hungary"]
[Date "2005.03.06"]
[Round "9"]
[White "Zakar, Dora"]
[Black "Porubszky Angyalosine, Maria A"]
[Result "1/2-1/2"]
[WhiteElo "1970"]
[BlackElo "2177"]
[PlyCount "120"]
[EventDate "2004.09.26"]
[EventType "team"]
[EventRounds "11"]
[EventCountry "HUN"]
[SourceTitle "EXT 2008"]
[Source "ChessBase"]
[SourceDate "2007.11.25"]
[SourceVersion "1"]
[SourceVersionDate "2007.11.25"]
[SourceQuality "1"]
[WhiteTeam "Gyor Elektromos"]
[BlackTeam "Csuti II"]
[WhiteTeamCountry "HUN"]
[BlackTeamCountry "HUN"]

1. e4 c5 2. Nf3 e6 3. d4 cxd4 4. Nxd4 a6 5. Be3 Nf6 6. Nd2 Qc7 7. Bd3 Nc6 8. N4b3 d5 9. 0-0 Be7 10. c4 Nb4 11. Qe2 Nxd3 12. Qxd3 Ng4 13. e5 Qxe5 14. Nf3 Qe4 15. Qc3 Bf6 16. Bd4 Bxd4 17. Nbxd4 0-0 18. Rae1 Qf4 19. cxd5 exd5 20. h3 Nf6 21. Re7 Qd6 22. Rc7 Ne4 23. Qc1 h6 24. Rd1 Qb6 25. Rd3 Qg6 26. Ne5 Qf6 27. Ndf3 Be6 28. Nd7 Bxd7 29. Rxd7 Rac8 30. Rc7 Rxc7 31. Qxc7 Qxb2 32. Rxd5 Qxf2+ 33. Kh2 Qxa2 34. Qxb7 Nf6 35. Rd6 a5 36. Ra6 a4 37. Qb4 Qc2 38. Qxa4 Qc7+ 39. Kg1 Rb8 40. Ra8 Qb6+ 41. Kh1 Rxa8 42. Qxa8+ Kh7 43. Qc8 Qd6 44. Qc2+ g6 45. Qb3 Kg7 46. Qc4 Nh5 47. Kg1 Nf4 48. Qc3+ Kh7 49. Kf2 Qe6 50. Qd2 Qf5 51. Qa2 Ne6 52. Kg1 Qf4 53. Qa7 h5 54. Qf2 Qc1+ 55. Kh2 Kg7 56. Qe2 Qf4+ 57. Kg1 Qg3 58. Qb2+ Kg8 59. Qe2 Nf4 60. Qe8+ Kg7 1/2-1/2

[Event "Harkany Tenkes Cup 28th"]
[Site "Harkany"]
[Date "2004.11.30"]
[Round "6"]
[White "Zakar, Dora"]
[Black "Boros, Koppany"]
[Result "1/2-1/2"]
[WhiteElo "1954"]
[BlackElo "2035"]
[PlyCount "56"]
[EventDate "2004.11.25"]
[EventType "swiss"]
[EventRounds "9"]
[EventCountry "HUN"]
[SourceTitle "EXT 2008"]
[Source "ChessBase"]
[SourceDate "2007.11.25"]
[SourceVersion "1"]
[SourceVersionDate "2007.11.25"]
[SourceQuality "1"]

1. e4 Nf6 2. Nc3 d5 3. e5 Ne4 4. Nce2 d4 5. c3 dxc3 6. Qa4+ Bd7 7. Qxe4 cxb2 8. Bxb2 Bc6 9. Qd4 Nd7 10. Qe3 e6 11. Nf3 Nb6 12. Nc3 Qd7 13. Be2 0-0-0 14. 0-0 h6 15. a4 Kb8 16. Nb5 g5 17. Nxa7 Bxa4 18. Bd4 Nd5 19. Qe4 c5 20. Bxc5 Bxc5 21. Rxa4 Bxa7 22. Rfa1 Bc5 23. d4 Nc3 24. Ra8+ Kc7 25. Rxd8 Rxd8 26. Qc2 Nxe2+ 27. Qxe2 Bxd4 28. Rc1+ Kb8 1/2-1/2

[Event "HUN-ch U18 Girls"]
[Site "Miskolc"]
[Date "2004.07.10"]
[Round "5"]
[White "Zakar, Dora"]
[Black "Hazir, Barbara"]
[Result "1-0"]
[WhiteElo "1970"]
[BlackElo "1727"]
[PlyCount "59"]
[EventDate "2004.07.05"]
[EventType "tourn"]
[EventRounds "7"]
[EventCountry "HUN"]
[SourceTitle "EXT 2008"]
[Source "ChessBase"]
[SourceDate "2007.11.25"]
[SourceVersion "1"]
[SourceVersionDate "2007.11.25"]
[SourceQuality "1"]

1. e4 e6 2. d4 d5 3. e5 c5 4. c3 Nc6 5. Nf3 Qb6 6. Be2 cxd4 7. cxd4 Nge7 8. Na3 Nf5 9. Nc2 Bb4+ 10. Kf1 Be7 11. g4 Nh4 12. Nxh4 Bxh4 13. g5 Nxe5 14. Be3 Ng6 15. Rb1 f6 16. Bh5 fxg5 17. Rg1 0-0 18. Bxg6 hxg6 19. Ne1 Qd8 20. Qd2 Qf6 21. Rc1 Qf5 22. Rg2 g4 23. Qd1 g3 24. hxg3 Bf6 25. Rc3 b6 26. g4 Qe4 27. f3 Bxd4 28. Qxd4 Ba6+ 29. Kg1 Qxd4 30. Bxd4 1-0

[Event "HUN-chT2 Charousek 0304"]
[Site "Hungary"]
[Date "2004.02.22"]
[Round "8"]
[White "Zakar, Dora"]
[Black "Katai, David"]
[Result "0-1"]
[WhiteElo "2016"]
[BlackElo "1965"]
[PlyCount "68"]
[EventDate "2003.09.28"]
[EventType "team"]
[EventRounds "11"]
[EventCountry "HUN"]
[SourceTitle "EXT 2005"]
[Source "ChessBase"]
[SourceDate "2004.11.15"]
[SourceVersion "1"]
[SourceVersionDate "2004.11.15"]
[SourceQuality "1"]

1. e4 c5 2. Nf3 d6 3. d4 cxd4 4. Nxd4 Nf6 5. Nc3 a6 6. Bg5 e6 7. f4 Qb6 8. Nb3 Nbd7 9. Be2 Be7 10. Qd3 Qc7 11. 0-0-0 b5 12. Bf3 Bb7 13. Rhe1 b4 14. Ne2 0-0 15. g4 a5 16. Ned4 a4 17. Na1 Nc5 18. Qd2 Nfxe4 19. Bxe4 Nxe4 20. Rxe4 Bxe4 21. Nb5 Qd7 22. Bxe7 Qxe7 23. Qxb4 Qb7 24. Qd4 Qxb5 25. Qxe4 Rab8 26. b3 axb3 27. cxb3 d5 28. Qe5 Qc5+ 29. Nc2 Ra8 30. Kb2 Rfc8 31. Rd2 Qa5 32. Qd4 Qxa2+ 33. Kc1 Qxb3 34. Kd1 Qb1+ 0-1

[Event "HUN-chT2 Charousek 0304"]
[Site "Hungary"]
[Date "2004.02.08"]
[Round "7"]
[White "Timko, Melinda"]
[Black "Zakar, Dora"]
[Result "1-0"]
[WhiteElo "2061"]
[BlackElo "2016"]
[PlyCount "75"]
[EventDate "2003.09.28"]
[EventType "team"]
[EventRounds "11"]
[EventCountry "HUN"]
[SourceTitle "EXT 2005"]
[Source "ChessBase"]
[SourceDate "2004.11.15"]
[SourceVersion "1"]
[SourceVersionDate "2004.11.15"]
[SourceQuality "1"]

1. d4 Nf6 2. Nf3 c5 3. c3 c4 4. Bg5 Ne4 5. Bf4 d5 6. Nbd2 Bf5 7. Nxe4 Bxe4 8. Nd2 Bf5 9. e4 dxe4 10. Bxc4 Nd7 11. 0-0 Qb6 12. Re1 e5 13. Nxe4 Be7 14. Ng3 Bg6 15. Bxe5 0-0 16. Bxg7 Kxg7 17. Rxe7 Nf6 18. Bb3 Rae8 19. Rxe8 Rxe8 20. Qd2 a5 21. h3 Qd6 22. Re1 Rxe1+ 23. Qxe1 Qf4 24. Qe3 Qd6 25. Qg5 Kf8 26. Qxa5 Qf4 27. Qe5 Qc1+ 28. Kh2 Kg7 29. Qe2 h5 30. d5 h4 31. Nf1 Qf4+ 32. g3 Qf5 33. Ne3 Qe5 34. Qf3 hxg3+ 35. Qxg3 Qe4 36. Bc2 Qe7 37. Bxg6 fxg6 38. Nf5+ 1-0

[Event "HUN-chT2 Charousek 0304"]
[Site "Hungary"]
[Date "2003.09.28"]
[Round "1"]
[White "Zakar, Dora"]
[Black "Binder, Csaba"]
[Result "0-1"]
[WhiteElo "2016"]
[BlackElo "2053"]
[PlyCount "82"]
[EventDate "2003.09.28"]
[EventType "team"]
[EventRounds "11"]
[EventCountry "HUN"]
[SourceTitle "EXT 2005"]
[Source "ChessBase"]
[SourceDate "2004.11.15"]
[SourceVersion "1"]
[SourceVersionDate "2004.11.15"]
[SourceQuality "1"]

1. e4 e5 2. Nf3 Nc6 3. d4 exd4 4. Nxd4 Qh4 5. Nc3 Bb4 6. Nxc6 Qxe4+ 7. Qe2 Qxe2+ 8. Bxe2 dxc6 9. Bf4 Bd6 10. Be3 Bf5 11. 0-0-0 Ne7 12. g4 Be6 13. Bf3 0-0-0 14. Bd4 Nd5 15. Ne4 Bf4+ 16. Kb1 f6 17. h3 Rhe8 18. Rhe1 Nb4 19. Nc3 Nxa2 20. Nxa2 Bxa2+ 21. Kxa2 Rxe1 22. Rxe1 Rxd4 23. Re4 c5 24. Re8+ Kd7 25. Rg8 Rd2 26. Rxg7+ Kd6 27. Be4 h6 28. f3 Rh2 29. Rg8 b6 30. Ra8 a5 31. Rd8+ Ke7 32. Rd3 Rxh3 33. Bf5 Bd6 34. Re3+ Kf7 35. g5 Rh5 36. g6+ Kg7 37. Be4 f5 38. Bc6 Rh2 39. Be8 Rxc2 40. Bf7 Rg2 41. Re8 Rxg6 0-1

[Event "Szombathely Savaria op 3rd"]
[Site "Szombathely"]
[Date "2003.07.21"]
[Round "3"]
[White "Zakar, Dora"]
[Black "Kakuk, Sandor"]
[Result "0-1"]
[WhiteElo "2016"]
[BlackElo "2208"]
[PlyCount "62"]
[EventDate "2003.07.19"]
[EventType "swiss"]
[EventRounds "9"]
[EventCountry "HUN"]
[SourceTitle "CBM 095 Extra"]
[Source "ChessBase"]
[SourceDate "2003.09.04"]
[SourceVersion "1"]
[SourceVersionDate "2003.09.04"]
[SourceQuality "1"]

1. e4 c5 2. Nf3 Nc6 3. d4 cxd4 4. Nxd4 e6 5. Nc3 Qc7 6. Be3 a6 7. Bd3 b5 8. 0-0 Bb7 9. Nb3 Nf6 10. f4 d6 11. Qe2 Be7 12. Rae1 0-0 13. Rf3 b4 14. Na4 Nd7 15. Rh3 g6 16. Qf2 Bf6 17. Nb6 Rad8 18. g4 Rfe8 19. g5 Bxb2 20. Nxd7 Qxd7 21. Qh4 h5 22. gxh6 Kh7 23. f5 exf5 24. exf5 Ne5 25. fxg6+ fxg6 26. Qg3 Qc6 27. Rf1 Qh1+ 28. Kf2 Rf8+ 29. Bf4 Rxf4+ 30. Qxf4 Qg2+ 31. Ke1 Qxh3 0-1

[Event "HUN-ch U20 Girls"]
[Site "Budapest"]
[Date "2003.04.16"]
[Round "3"]
[White "Zakar, Dora"]
[Black "Medvegyne Balogh, Emese"]
[Result "1/2-1/2"]
[WhiteElo "2120"]
[BlackElo "2110"]
[PlyCount "176"]
[EventDate "2003.04.14"]
[EventType "swiss"]
[EventRounds "9"]
[EventCountry "HUN"]
[SourceTitle "EXT 2004"]
[Source "ChessBase"]
[SourceDate "2003.11.25"]
[SourceVersion "1"]
[SourceVersionDate "2003.11.25"]
[SourceQuality "1"]

1. e4 c5 2. Nf3 Nc6 3. d4 cxd4 4. Nxd4 Nf6 5. Nc3 e5 6. Ndb5 d6 7. Bg5 a6 8. Na3 b5 9. Bxf6 gxf6 10. Nd5 f5 11. g3 fxe4 12. Bg2 Bg7 13. Bxe4 0-0 14. 0-0 Rb8 15. c3 Kh8 16. Nc2 f5 17. Bg2 a5 18. Qd2 Ne7 19. Nce3 Be6 20. Nxe7 Qxe7 21. Nd5 Qf7 22. Rad1 Rfd8 23. Rc1 e4 24. Rfd1 Rbc8 25. a3 Rc5 26. Nf4 Bb3 27. Re1 d5 28. Ne2 Bc4 29. Nd4 Qg6 30. b4 Bh6 31. Qd1 Bxc1 32. bxc5 Bxa3 33. Qa1 Bxc5 34. Qxa5 Bb6 35. Qb4 Bxd4 36. cxd4 Qd6 37. Qd2 b4 38. Rb1 b3 39. Bh3 Rf8 40. Bf1 f4 41. Bxc4 dxc4 42. d5 Qe5 43. Qb4 Rc8 44. d6 fxg3 45. hxg3 e3 46. d7 exf2+ 47. Kxf2 Qf5+ 48. Kg2 Qxd7 49. Qc3+ Qg7 50. Rxb3 Qxc3 51. Rxc3 Kg7 52. Kf3 Kf6 53. Kf4 Rc5 54. g4 h6 55. Kf3 Ke5 56. Ke3 Rc6 57. Rc1 Rc8 58. Rc3 Rc7 59. Rc1 Rc6 60. Rc3 Rc5 61. Rc1 Rc8 62. Rc3 Kd5 63. Rc1 Re8+ 64. Kd2 Kd4 65. Rh1 Re6 66. Rh3 Rf6 67. Rh2 Ra6 68. Rh3 Ra2+ 69. Kd1 Ra6 70. Kd2 Ra2+ 71. Kd1 Rg2 72. Rxh6 Rxg4 73. Rc6 Kd3 74. Rd6+ Kc3 75. Rc6 Rg1+ 76. Ke2 Rg3 77. Kd1 Rg1+ 78. Ke2 Rb1 79. Rc8 Rc1 80. Rc7 Ra1 81. Rc8 Ra4 82. Kd1 Kb3 83. Rb8+ Kc3 84. Rc8 Ra2 85. Rc7 Ra4 86. Rc8 Rb4 87. Kc1 Kb3 88. Rc7 c3 1/2-1/2

[Event "HUN-ch U20 Girls"]
[Site "Budapest"]
[Date "2003.04.14"]
[Round "1"]
[White "Zakar, Dora"]
[Black "Hidegh, Eszter"]
[Result "0-1"]
[WhiteElo "2120"]
[BlackElo "2147"]
[PlyCount "66"]
[EventDate "2003.04.14"]
[EventType "swiss"]
[EventRounds "9"]
[EventCountry "HUN"]
[SourceTitle "EXT 2004"]
[Source "ChessBase"]
[SourceDate "2003.11.25"]
[SourceVersion "1"]
[SourceVersionDate "2003.11.25"]
[SourceQuality "1"]

1. e4 c5 2. Nf3 Nc6 3. d4 cxd4 4. Nxd4 Nf6 5. Nc3 e5 6. Ndb5 d6 7. Bg5 a6 8. Na3 b5 9. Bxf6 gxf6 10. Nd5 f5 11. exf5 Bxf5 12. g3 Bg7 13. Bg2 Be6 14. 0-0 0-0 15. c3 Rb8 16. Nc2 a5 17. Nde3 Ne7 18. Qh5 f5 19. Rfd1 b4 20. cxb4 axb4 21. a3 bxa3 22. bxa3 d5 23. Nb4 e4 24. Rac1 d4 25. Qe2 Qa5 26. Nc4 Qb5 27. Qf1 d3 28. Ne3 Rb7 29. Qe1 Ra7 30. Rb1 Qa4 31. f3 Qxa3 32. fxe4 Bc3 33. Qf2 fxe4 0-1

[Event "HUN-chT2 Charousek 0203"]
[Site "Hungary"]
[Date "2002.09.22"]
[Round "1.12"]
[White "Simo, Judit"]
[Black "Zakar, Dora"]
[Result "0-1"]
[WhiteElo "2043"]
[BlackElo "2120"]
[PlyCount "72"]
[EventDate "2002.09.22"]
[EventType "team"]
[EventRounds "11"]
[EventCountry "HUN"]
[SourceTitle "EXT 2004"]
[Source "ChessBase"]
[SourceDate "2003.11.25"]
[SourceVersion "1"]
[SourceVersionDate "2003.11.25"]
[SourceQuality "1"]
[WhiteTeam "Tapolca Rockwool"]
[BlackTeam "Gyor Elektromos"]
[WhiteTeamCountry "HUN"]
[BlackTeamCountry "HUN"]

1. e4 c5 2. Nf3 d6 3. d4 cxd4 4. Nxd4 Nf6 5. Nc3 g6 6. Be3 Bg7 7. f3 0-0 8. Qd2 Nc6 9. 0-0-0 Bd7 10. g4 Qa5 11. h4 Rfc8 12. Kb1 Ne5 13. Nd5 Qxd2 14. Nxf6+ Bxf6 15. Rxd2 Nc4 16. Bxc4 Rxc4 17. h5 a5 18. g5 Bg7 19. Ne2 a4 20. Bd4 Ra5 21. f4 Bc6 22. hxg6 Bxe4 23. Rxh7 Bxd4 24. Nxd4 Bxg6 25. Rh4 Rd5 26. f5 Bxf5 27. b3 Rcc5 28. Rg2 Bg6 29. Rhg4 e5 30. Nf3 Bxc2+ 31. Kb2 axb3 32. axb3 Bd1 33. R4g3 Bxf3 34. Rxf3 e4 35. Rfg3 Kg7 36. g6 f6 0-1

[Event "Budapest Spring op 18th"]
[Site "Budapest"]
[Date "2002.03.15"]
[Round "1"]
[White "Zakar, Dora"]
[Black "Weglarz, Leszek"]
[Result "0-1"]
[WhiteElo "2125"]
[BlackElo "2362"]
[PlyCount "83"]
[EventDate "2002.03.15"]
[EventType "swiss"]
[EventRounds "9"]
[EventCountry "HUN"]
[SourceTitle "CBM 087 Extra"]
[Source "ChessBase"]
[SourceDate "2002.05.03"]
[SourceVersion "2"]
[SourceVersionDate "2002.08.09"]
[SourceQuality "1"]

1. e4 e5 2. Nf3 Nf6 3. d4 Nxe4 4. Bd3 Nc6 5. dxe5 d5 6. exd6 Nxd6 7. 0-0 Be7 8. Nc3 Nb4 9. Re1 Nxd3 10. Qxd3 Bf5 11. Qe2 Be6 12. Nd4 Bc4 13. Qg4 0-0 14. Nf5 Nxf5 15. Qxc4 Re8 16. Bf4 Qd4 17. Re4 Qxc4 18. Rxc4 c6 19. Rd1 Rad8 20. Rxd8 Rxd8 21. g3 a6 22. Ne4 Nd4 23. Kg2 Ne6 24. Be3 f5 25. Nc5 Nxc5 26. Bxc5 Bf6 27. b3 b5 28. Rf4 Rd2 29. Rxf5 Rxc2 30. a4 Kf7 31. Bb6 Ke6 32. Rf3 c5 33. axb5 axb5 34. Ba5 b4 35. Rf4 Rc3 36. Bxb4 cxb4 37. Rxb4 Rc2 38. Kf3 Kd5 39. Rb8 Bd4 40. Rd8+ Ke5 41. Re8+ Kf6 42. Re2 0-1